| 000 | 00599nam a2200181 a 4500 | ||
|---|---|---|---|
| 005 | 20210219154512.0 | ||
| 008 | 030624s1953 mx r 000 0 spa d | ||
| 035 | _aUPN01000126745 | ||
| 049 | _aSEP | ||
| 050 | 4 |
_aKGC1575 _bL44 1953 |
|
| 110 | 1 |
_aMéxico. _tLey Federal sobre el Derecho de Autor |
|
| 245 | 1 | 0 | _aLey Federal del Derecho de Autor. |
| 260 |
_aMéxico : _bSEP, _c1953. |
||
| 300 | _a45, 16 p. | ||
| 500 | _aContiene: Reglamento para el reconocimiento de derechos exclusivos de autor, traductor o editor. | ||
| 610 | 1 | 4 |
_aMEXICO. _tLEY FEDERAL SOBRE EL DERECHO DE AUTOR |
| 905 | _aLibro | ||
| 999 |
_c98924 _d98924 |
||